Pensar el siglo XIX desde el siglo XXI. Nuevas miradas y lecturas
שמור ב:
| מחבר ראשי: | |
|---|---|
| פורמט: | ספר |
| שפה: | אנגלית |
| יצא לאור: |
Raleigh, NC., USA.
A Contracorriente,
2012
|
| סדרה: | Serie Literatura y Cultura
|
| נושאים: | |
| תגים: |
הוספת תג
אין תגיות, היה/י הראשונ/ה לתייג את הרשומה!
|
MARC
| LEADER | 00000nam a22000007a 4500 | ||
|---|---|---|---|
| 003 | CL-VaPUC | ||
| 005 | 20211005153342.0 | ||
| 008 | 210803b2012 ||||| |||| 00| 0 eng d | ||
| 999 | |c 433408 |d 433406 | ||
| 020 | |a 978-0-9853715-0-0 | ||
| 040 | |c Pontificia Universidad Católica de Valparaíso | ||
| 082 | 0 | 4 | |2 21 |a 980.03 PEL 2012 |
| 100 | 1 | |a Peluffo, Ana |e compiladora |e editora |9 862380 | |
| 245 | 1 | 0 | |a Pensar el siglo XIX desde el siglo XXI. |b Nuevas miradas y lecturas |
| 260 | |a Raleigh, NC., USA. |b A Contracorriente, |c 2012 | ||
| 300 | |a 271 páginas | ||
| 490 | 0 | |a Serie Literatura y Cultura | |
| 500 | |a Donación Prof. Sr. Raúl Rodríguez F., Inst. Literatura Memo 6/2021 21/7/2021 | ||
| 583 | |c 20210803 |k Cristina Rojas | ||
| 650 | 1 | |a Historia de América Latina |x Crítica e interpretación |y Siglo 19 |9 862459 | |
| 942 | |2 ddc |c BK | ||
| 952 | |0 0 |1 0 |2 ddc |4 0 |6 980_030000000000000_PEL_2012 |7 0 |8 A |9 578553 |a FDOPOS |b FDOPOS |d 2021-08-03 |i 5622999 |o 980.03 PEL 2012 |p 5622999 |r 2025-01-22 |t 1 |w 2021-08-03 |y BK |k DLH | ||